Datum a čas kvízu
27.5
Celkem bodů
Celkový počet nahraných bodů na tomto kvízu bez doplňovacích otázek.
6.
Pořadí na kvízu
Konečné umístění týmu na tomto kvízu.
Zaznamenané odpovědi
| # | Otázka | Odpověď | Body | Výsledky |
|---|---|---|---|---|
| 1. | Odvolací Městský soud v Praze... | Pavel Novotný, Kateřina Kristelová | 1 | |
| 2. | Prezident jisté asijské země,... | v Jižní Koreji | 1 | |
| 3. | V sobotu proběhlo vyhlášení fi... | Oldřich Kaiser, Zahradníkův rok | 1 | |
| 4. | Minulý týden se ve Španělsku k... | Barcelona | 1 | |
| 5. | Minulý týden skončila základní... | 1B 2C 3A 4D | 0 | |
| 6. | Chybou kapitána ztroskotal v b... | u Aljašky | 1 | |
| 7. | Na fotce je německá bitevní lo... | Bismarck | 1 | |
| 8. | Loď Beagle na své druhé plavbě... | Charles Darwin | 1 | |
| 9. | Válečná loď Vasa ujela celkem... | ve Stockholmu | 0 | |
| 10. | Která z těchto slavných lodí b... | C | 0 |